00470nam a2200145 a 4500008004100000050001300041100002500054245011500079260004000194300001400234350000900248490003400257650001200291650002100303100709s2005 ||||||||||||||||| || u aIBRD(08) aLevy-Yeyati, Eduardo10aMarket discipline under systematic risk: evidence from bank runs in emerging economiescby Eduardo Levy-Yeyati aWashington, D. C.bWorld Bankc2005 a48p.: ill a0.00 aPolicy Research Working Paper aBANKING aEMERGING MARKETS